[Event "Nowy Sacz-ch"]
[Site "Nowy Sacz"]
[Date "2000.12.03"]
[Round "8"]
[White "Olipra, Konrad"]
[Black "Majca, Piotr"]
[Result "1-0"]
[WhiteElo "1800"]
[BlackElo "1800"]
[PlyCount "55"]
[EventDate "2000.11.25"]
[EventType "swiss"]
[EventRounds "9"]
[EventCountry "POL"]
[SourceTitle "EXT 2005"]
[Source "ChessBase"]
[SourceDate "2004.11.15"]
[SourceVersion "1"]
[SourceVersionDate "2004.11.15"]
[SourceQuality "1"]

1. e4 e6 2. d4 d5 3. Nd2 Nf6 4. e5 Nfd7 5. Bd3 c5 6. c3 Nc6 7. Ne2 Be7 8. 0-0 0-0 9. Nf3 f6 10. Nf4 Nb6 11. Qc2 f5 12. dxc5 Bxc5 13. b4 Bd6 14. Re1 Bc7 15. b5 Na5 16. Be3 Bd7 17. Bc5 Re8 18. g4 g6 19. gxf5 gxf5 20. Nh5 Kf7 21. Nf6 Rh8 22. Ng5+ Kg6 23. f4 h6 24. Nf3 Nac4 25. Kh1 Bxb5 26. Rg1+ Kf7 27. Qg2 Rg8 28. Qh3 1-0